Historia de las ideas políticas
Na minha lista:
| Autor principal: | |
|---|---|
| Formato: | Livro |
| Idioma: | espanhol |
| Publicado em: |
Madrid
Tecnos
1981
|
| Edição: | 4a. ed |
| Assuntos: | |
| Tags: |
Adicionar Tag
Sem tags, seja o primeiro a adicionar uma tag!
|
MARC
| LEADER | 00000nam a2200000 a 4500 | ||
|---|---|---|---|
| 001 | UCX3361 | ||
| 003 | CL-VaPUC | ||
| 008 | 911030e19810000SP |||||||||||||||||spa|d | ||
| 082 | 0 | 4 | |a 320.9 |b TOU |2 21 |
| 100 | 0 | |a Touchard, Jean |e author |9 319521 | |
| 245 | 1 | 0 | |a Historia de las ideas políticas |
| 250 | |a 4a. ed | ||
| 300 | |a 658 p | ||
| 942 | |c BK | ||
| 945 | |d 19911030 00:00:00 | ||
| 260 | |a Madrid |b Tecnos |c 1981 | ||
| 650 | 0 | |a Ciencias Políticas |9 255201 | |
| 583 | |a last modification |c 20180327 04:31:19 |k Rodrigo Vera | ||
| 999 | |c 224151 |d 224149 | ||
| 952 | |0 0 |1 0 |4 0 |6 320_900000000000000_TOU_1981 |7 0 |8 A |9 220597 |a BIBHIS |b BIBHIS |d 2019-11-15 |i 2892928 |o 320.9 TOU 1981 |p 2892928 |r 2025-01-20 |w 2019-11-15 |y BK |k HIS | ||